|
|
|
|
| LEADER |
01448nam a2200361 a 4500 |
| 001 |
000200419 |
| 003 |
CZ BrMZK |
| 005 |
20140107063422.0 |
| 007 |
ta |
| 008 |
960815s1997 xr f cze d |
| 015 |
|
|
|a cnb000216397
|
| 020 |
|
|
|a 80-7068-124-1
|
| 035 |
|
|
|a (OCoLC)38152556
|
| 040 |
|
|
|a BOA001
|b cze
|
| 080 |
|
|
|a 911.37(437.1)"1997"
|2 MRF
|
| 080 |
|
|
|a 352(437.1)"1997"
|2 MRF
|
| 245 |
0 |
0 |
|a Obce a města v České republice :
|b abecední seznam /
|c [zpracovali: M. Cais ... [et al.]]
|
| 250 |
|
|
|a 2. dopl. vyd.
|
| 260 |
|
|
|a Praha :
|b Informační a poradenské středisko pro místní kulturu,
|c 1997
|
| 300 |
|
|
|a 133 s. ;
|c 21 cm
|
| 490 |
1 |
|
|a Adresáře
|
| 653 |
0 |
|
|a města
|a obce
|a Česko
|
| 700 |
1 |
|
|a Cais, Milan,
|d 1939-
|7 jk01020533
|4 aut
|
| 830 |
|
0 |
|a Adresáře
|
| 856 |
4 |
1 |
|u http://www.digitalniknihovna.cz/mzk/uuid/uuid:89d4d380-778c-11e3-b0d1-005056827e51
|y Digitalizovaný dokument
|x NDK
|
| 910 |
|
|
|a BOA001
|b 2-1034.799
|b TK-0260.927
|
| 920 |
|
|
|a 000171367
|
| 964 |
|
|
|a Města
|x obce
|y Česko
|x adresáře
|z r.1997
|
| 964 |
|
|
|a Obce
|x města
|y Česko
|x adresáře
|z r.1997
|
| 990 |
|
|
|a BK
|
| 996 |
7 |
|
|b 2610055034
|c 2-1034.799
|l MZK
|r Sklad / do 1 hodiny
|n 5
|p p.v.
|w 000200419
|u 000010
|a 1
|e BOA001
|j MZK50
|s A
|
| 996 |
6 |
|
|b 2610072655
|c 2-1034.799
|l MZK
|r Sklad / do 1 hodiny
|n 1
|p p.v.
|w 000200419
|u 000020
|a 1
|e BOA001
|j MZK50
|s P
|
| 996 |
6 |
|
|b 2620007117
|c TK-0260.927
|l MZK
|r Sklad / do 24 hodin
|n 0
|p kup
|w 000200419
|u 000030
|a 1
|e BOA001
|j MZK50
|s P
|